The real McCoy : (Record no. 33937)
[ view plain ]
| 000 -LEADER | |
|---|---|
| fixed length control field | 01204cam a2200337 a 4500 |
| 003 - CONTROL NUMBER IDENTIFIER | |
| control field | OSt |
| 005 - DATE AND TIME OF LATEST TRANSACTION | |
| control field | 20140310184351.0 |
| 008 - FIXED-LENGTH DATA ELEMENTS--GENERAL INFORMATION | |
| fixed length control field | 911009s1993 nyuab j 000 0beng |
| 010 ## - LIBRARY OF CONGRESS CONTROL NUMBER | |
| LC control number | 91038895 |
| 020 ## - INTERNATIONAL STANDARD BOOK NUMBER | |
| International Standard Book Number | 9780590481021 |
| 040 ## - CATALOGING SOURCE | |
| Original cataloging agency | DLC |
| Transcribing agency | DLC |
| Modifying agency | DLC |
| 042 ## - AUTHENTICATION CODE | |
| Authentication code | lcac |
| 043 ## - GEOGRAPHIC AREA CODE | |
| Geographic area code | n-us--- |
| 050 00 - LIBRARY OF CONGRESS CALL NUMBER | |
| Classification number | T 40.M43 |
| Item number | .T68 1993 |
| 100 1# - MAIN ENTRY--PERSONAL NAME | |
| Personal name | Towle, Wendy, |
| Dates associated with a name | 1963- |
| 9 (RLIN) | 25097 |
| 245 14 - TITLE STATEMENT | |
| Title | The real McCoy : |
| Remainder of title | the life of an African-American inventor / |
| Statement of responsibility, etc | Wendy Towle ; paintings by Wil Clay. |
| 260 ## - PUBLICATION, DISTRIBUTION, ETC. (IMPRINT) | |
| Place of publication, distribution, etc | New York : |
| Name of publisher, distributor, etc | Scholastic, |
| Date of publication, distribution, etc | 1993. |
| 300 ## - PHYSICAL DESCRIPTION | |
| Other physical details | ill. ; |
| Dimensions | 27 cm. |
| 521 ## - TARGET AUDIENCE NOTE | |
| Target audience note | |
| 526 ## - STUDY PROGRAM INFORMATION NOTE | |
| Reading level | 920 |
| 600 10 - SUBJECT ADDED ENTRY--PERSONAL NAME | |
| Personal name | McCoy, Elijah, |
| Dates associated with a name | 1844-1929 |
| Form subdivision | Juvenile literature. |
| 9 (RLIN) | 25098 |
| 600 11 - SUBJECT ADDED ENTRY--PERSONAL NAME | |
| Personal name | McCoy, Elijah, |
| Dates associated with a name | 1844-1929. |
| 9 (RLIN) | 25099 |
| 650 #0 - SUBJECT ADDED ENTRY--TOPICAL TERM | |
| Topical term or geographic name as entry element | African American inventors |
| Form subdivision | Biography |
| -- | Juvenile literature. |
| 9 (RLIN) | 25100 |
| 650 #1 - SUBJECT ADDED ENTRY--TOPICAL TERM | |
| Topical term or geographic name as entry element | Inventors. |
| 9 (RLIN) | 13283 |
| 650 #1 - SUBJECT ADDED ENTRY--TOPICAL TERM | |
| Topical term or geographic name as entry element | African Americans |
| Form subdivision | Biography. |
| 9 (RLIN) | 25101 |
| 700 1# - ADDED ENTRY--PERSONAL NAME | |
| Personal name | Clay, Wil, |
| Relator term | ill. |
| 9 (RLIN) | 25102 |
| 906 ## - LOCAL DATA ELEMENT F, LDF (RLIN) | |
| a | 7 |
| b | cbc |
| c | orignew |
| d | 1 |
| e | ocip |
| f | 19 |
| g | y-gencatlg |
| 942 ## - ADDED ENTRY ELEMENTS (KOHA) | |
| Source of classification or shelving scheme | Library of Congress Classification |
| Koha item type | |
| Withdrawn status | Lost status | Source of classification or shelving scheme | Damaged status | Home library | Current library | Shelving location | Date acquired | Total Checkouts | Full call number | Barcode | Date last seen | Copy number | Price effective from | Koha item type |
|---|---|---|---|---|---|---|---|---|---|---|---|---|---|---|
| Library of Congress Classification | Luxembourg Library | Luxembourg Library | Scholastic Reading Center Section | 10/07/2013 | T 40.M43 .T68 1993 | LEX0356 | 04/18/2017 | 1 | 10/07/2013 | Books |